000 00305nam a2200109Ia 4500
005 20251222154305.0
008 251222s9999||||xx |||||||||||||| ||spa||
020 _a978-612-45549-5-7
082 _a303.448.5/C46/2010
245 0 _a"Plan bicentenario: El PerĂº hacia el 2021, resumen ejecutivo"
942 _cLIB
999 _c33198
_d33198